Cognitive Individual Differences in Second Language Acquisition. Theories, Assessment and Pedagogy.

Spremljeno u:
Bibliografski detalji
Glavni autori: Wen, Zhisheng (Edward) (Autor), Sparks, Richard L. (Autor), Biedrón, Adriana (Autor), Teng, Mark Feng (Autor)
Format: Nepoznato
Izdano: Boston, USA: De Gruyter Mouton, 2023.
Serija:Trends in Applied Linguistics,
Teme:
Oznake: Dodaj oznaku
Bez oznaka, Budi prvi tko označuje ovaj zapis!

MARC

LEADER 00000 a2200000 4500
003 CL-VaPUC
005 20240111155336.0
008 231212t2023 ||||| |||| 00| 0 eng d
999 |c 442299  |d 442297 
020 |a 978-1-61451-676-7 
040 |c Pontificia Universidad Católica de Valparaíso 
082 |2 22  |a 418.0071 WEN 2023 
100 |a Wen, Zhisheng (Edward)  |e author  |9 886485 
245 |a Cognitive Individual Differences in Second Language Acquisition.   |b Theories, Assessment and Pedagogy.  
260 |a Boston, USA:   |b De Gruyter Mouton,   |c 2023.  
300 |a xii, 338 páginas.  
490 |a Trends in Applied Linguistics,  |n  19. 
583 |k GC  |c 20231212 
650 0 |9 343620  |a Lenguas extranjeras   |v Enseñanza y aprendizaje   |x Psicología educativa 
650 0 |9 859611  |a  Adquisición de una segunda lengua  |x Inglés   |x Aprendizaje cognitivo  |v Aspectos psicológicos  
700 |a Sparks, Richard L.  |e author  |9 886486 
700 |a Biedrón, Adriana  |e author  |9 886487 
700 |a Teng, Mark Feng  |e author  |9 886488 
942 |2 ddc  |c BK 
952 |0 0  |1 0  |2 ddc  |4 0  |6 418_007100000000000_WEN_2023  |7 0  |8 A  |9 592834  |a BIBEDU  |b BIBEDU  |c GEN  |d 2023-12-12  |e 13  |g 222530.00  |i 5659800  |o 418.0071 WEN 2023  |p 5659800  |r 2023-12-12  |t 1  |v 222530.00  |w 2023-12-12  |y BK  |k LIT